Energy future : (Record no. 13812)

000 -LEADER
fixed length control field 00616cam a2200205 a 4500
020 ## - INTERNATIONAL STANDARD BOOK NUMBER
ISBN 039474750X (pbk.) :
040 ## - CATALOGING SOURCE
Transcribing agency DLC
082 00 - DEWEY DECIMAL CLASSIFICATION NUMBER
Classification number 333 VIN 1983 A010 Or.
245 00 - TITLE STATEMENT
Title Energy future :
Remainder of title report of the energy project at the Harvard Business School /
250 ## - EDITION STATEMENT
Edition statement New rev. 3rd ed.
260 ## - PUBLICATION, DISTRIBUTION, ETC. (IMPRINT)
Place of publication New York :
Name of publisher Vintage Books,
Year of publication 1983, c1980.
300 ## - PHYSICAL DESCRIPTION
Number of Pages xii, 459 p. ;
Dimensions 21 cm.
500 ## - GENERAL NOTE
General note "First Vintage Books edition"--Verso t.p.
650 #0 - SUBJECT ADDED ENTRY--TOPICAL TERM
Topical Term Energy policy
650 #0 - SUBJECT ADDED ENTRY--TOPICAL TERM
Topical Term Power resources
700 1# - ADDED ENTRY--PERSONAL NAME
Personal name Stobaugh, Robert B.
700 1# - ADDED ENTRY--PERSONAL NAME
Personal name Yergin, Daniel.
710 2# - ADDED ENTRY--CORPORATE NAME
Corporate name or jurisdiction name as entry element Harvard University.
942 ## - ADDED ENTRY ELEMENTS (KOHA)
Koha item type សៀវភៅភាសាអង់គ្លេស
952 ## - LOCATION AND ITEM INFORMATION (KOHA)
Withdrawn status [LOCAL, KOHA] 0
Holdings
Permanent Location Date acquired Koha item type Lost status Shelving location Barcode Current Location Full call number
Library Block A2017-08-31សៀវភៅភាសាអង់គ្លេស A010A20394Library Block A333 VIN 1983 A010 Or.
មជ្ឈមណ្ឌលឯការនៃសាកលវិទ្យាល័យភូមិន្ទកសិកម្មចំការដូង

Powered by Koha